|
|
|
|
| LEADER |
00000nas a22000005a 4500 |
| 001 |
ssj0059421 |
| 003 |
WaSeSS |
| 005 |
20200512172242.0 |
| 006 |
m d |
| 007 |
cr n |
| 008 |
030501c20019999bl br p s 0 |0por |
| 022 |
|
|
|l 1519-9088
|y 1519-9088
|
| 035 |
|
|
|a (WaSeSS)ssj0059421
|
| 040 |
|
|
|a DNLM
|c DNLM
|d WaSeSS
|
| 041 |
0 |
|
|a por
|b eng
|
| 245 |
0 |
0 |
|a Fitness & performance journal
|h [electronic resource] :
|b Órgão oficial do Colégio Brasileiro de Atividade Física, Saúde e Esporte.
|
| 246 |
3 |
|
|a Fitness & performance
|
| 246 |
3 |
|
|a Fitness and performance journal
|
| 260 |
|
|
|a [Rio de Janeiro] :
|b Colégio Brasileiro de Atividade Física, Saúde e Esporte,
|c [c2001-]-
|
| 310 |
|
|
|a Bimonthly
|
| 362 |
0 |
|
|a Vol. 1, no. 0 (set./dez. 2001)-
|
| 500 |
|
|
|a Title from cover.
|
| 500 |
|
|
|a Latest issue consulted: Vol. 1, no. 1 (jan./fev. 2002).
|
| 506 |
|
|
|a License restrictions may limit access.
|
| 655 |
|
0 |
|a Electronic journals.
|
| 710 |
2 |
|
|a Colégio Brasileiro de Atividade Física, Saúde e Esporte.
|
| 856 |
4 |
0 |
|z Full text available from Research Library: 01/01/2009 to 01/31/2014
|u https://search.proquest.com/publication/52468
|